Estudios de teoria e historia del proceso / (Registro nro. 8446)

Detalles MARC
000 -LEADER
fixed length control field 01109nam a2200265 4500
001 - CONTROL NUMBER
control field 0000021507
003 - CONTROL NUMBER IDENTIFIER
control field CO-CtgCURN
005 - DATE AND TIME OF LATEST TRANSACTION
control field 20250430165420.0
007 - PHYSICAL DESCRIPTION FIXED FIELD--GENERAL INFORMATION
fixed length control field ta
008 - FIXED-LENGTH DATA ELEMENTS--GENERAL INFORMATION
fixed length control field 160627s2001 000 0 eng d
020 ## - INTERNATIONAL STANDARD BOOK NUMBER
International Standard Book Number 9968380040
040 ## - CATALOGING SOURCE
Original cataloging agency CO-CtgCURN
Language of cataloging spa
Transcribing agency coctgcurn
082 0# - DEWEY DECIMAL CLASSIFICATION NUMBER
Classification number 347.030
Item number A52e
100 1# - MAIN ENTRY--PERSONAL NAME
Personal name Alcala Niceto, Zamora.
245 10 - TITLE STATEMENT
Title Estudios de teoria e historia del proceso /
Statement of responsibility, etc. Zamora Alcala Niceto.
260 ## - PUBLICATION, DISTRIBUTION, ETC.
Place of publication, distribution, etc. Mexico :
Name of publisher, distributor, etc. Juridica Universitaria,
Date of publication, distribution, etc. 2001.
300 ## - PHYSICAL DESCRIPTION
Extent 320 p.
490 1# - SERIES STATEMENT
Series statement Clasicos de la Teoria General del Proceso
500 ## - GENERAL NOTE
General note Incluye indice.
505 8# - FORMATTED CONTENTS NOTE
Formatted contents note Algunas concepciones menores acerca de la naturaleza del proceso.--Nocion del proceso preliminar.--Trayectoria y contenido de una teoria general del proceso.--Sucesivas posturas de carnelutti en cuanto al fin y naturaleza del proceso su tesis del enjuiciamiento criminal como juridicción voluntaria
650 14 - SUBJECT ADDED ENTRY--TOPICAL TERM
Topical term or geographic name entry element Filosofia del derecho procesal
Geographic subdivision Mexico.
908 ## - PUT COMMAND PARAMETER (RLIN)
Put command parameter 160627
942 ## - ADDED ENTRY ELEMENTS (KOHA)
Koha item type Libros
Classification part 347.030
Item part A52e
Source of classification or shelving scheme Dewey Decimal Classification
Suppress in OPAC No
Existencias
Withdrawn status Lost status Source of classification or shelving scheme Damaged status Not for loan Collection Home library Current library Shelving location Date acquired Inventory number Total checkouts Full call number Barcode Date last seen Copy number Price effective from Koha item type Public note
    Dewey Decimal Classification     General Miguel Henríquez Castañeda Miguel Henríquez Castañeda General 06/22/2017 000272   347.030 A52e 000272 03/29/2025 ej.1 03/29/2025 Libros 340-DEREC